疗愈瑜伽解剖书 (Record no. 64569)

000 -LEADER
fixed length control field 00478nam a22001937a 4500
003 - CONTROL NUMBER IDENTIFIER
control field MPLRDC
005 - DATE AND TIME OF LATEST TRANSACTION
control field 20220104192121.0
008 - FIXED-LENGTH DATA ELEMENTS--GENERAL INFORMATION
fixed length control field 210129b ||||| |||| 00| 0 eng d
020 ## - INTERNATIONAL STANDARD BOOK NUMBER
International Standard Book Number 978-986-241-484-2
082 ## - DEWEY DECIMAL CLASSIFICATION NUMBER
Classification number 411.7 JUD
100 ## - MAIN ENTRY--PERSONAL NAME
Personal name JUDY
245 ## - TITLE STATEMENT
Title 疗愈瑜伽解剖书
Statement of responsibility, etc.
250 ## - EDITION STATEMENT
Edition statement 第一版
260 ## - PUBLICATION, DISTRIBUTION, ETC.
Place of publication, distribution, etc. 台湾
Name of publisher, distributor, etc. 天下杂志股份有限公司
Date of publication, distribution, etc. 2012
300 ## - PHYSICAL DESCRIPTION
Other physical details
490 ## - SERIES STATEMENT
Series statement 健康人生: 90
650 ## - SUBJECT ADDED ENTRY--TOPICAL TERM
Topical term or geographic name entry element 身体活动
942 ## - ADDED ENTRY ELEMENTS (KOHA)
Koha item type Book
-- 411.7 JUD
Holdings
Withdrawn status Lost status Source of classification or shelving scheme Damaged status Not for loan Collection code Home library Current library Shelving location Date acquired Cost, normal purchase price Total Checkouts Total Renewals Full call number Barcode Date due Date last seen Date last checked out Price effective from Koha item type Public note
            Malaysian Public Library, Research and Development Centre Malaysian Public Library, Research and Development Centre   23/01/2013 54.30 3 13 411.7 JUD 00058710 15/02/2026 25/10/2025 25/10/2025 18/03/2021 Book mplrdc

© 2022. Malaysian Public Library, Research and Development Centre. All Right ReservedE-mailmplrdc@help.edu.my 

Powered by Koha